تخطي إلى المحتوى
Inicio
Centros participantes
Catálogo
Servicios
Contacto
تسجيل الدخول
English
Deutsch
Español
Français
Italiano
日本語
Nederlands
Português
Português (Brasil)
中文(简体)
中文(繁體)
Türkçe
עברית
Gaeilge
Cymraeg
Ελληνικά
Català
Euskara
Русский
Čeština
Suomi
Svenska
polski
Dansk
slovenščina
اللغة العربية
বাংলা
Galego
Tiếng Việt
Hrvatski
हिंदी
Հայերէն
Українська
Sámegiella
اللغة
كل الحقول
العنوان
المؤلف
الموضوع
رقم الاستدعاء
ردمك/تدمد
الوسم
ابحث
بحث متقدم
De la Intervención a la negoci...
استشهد بهذا
أرسل هذا بالبريد الإلكتروني
طباعة
تصدير التسجيلة
تصدير إلى RefWorks
تصدير إلى EndNoteWeb
تصدير إلى EndNote
أضف إلى المفضلة
رابط دائم
إضافة أول تقييم
De la Intervención a la negociación
محفوظ في:
التفاصيل البيبلوغرافية
التنسيق:
نص
منشور في:
s.l.:
s.e.
الوسوم:
إضافة وسم
لا توجد وسوم, كن أول من يضع وسما على هذه التسجيلة!
المقتنيات
الوصف
التعليقات
مواد مشابهة
عرض للأخصائي
MARC
LEADER
00000 a a2200000 04500
001
21617
003
040
|a
CRAI/IIS
|c
CRAI/IIS
090
|a
096100
245
|a
De la Intervención a la negociación
260
|a
s.l.:
|b
s.e.
300
|a
10 p.
999
|c
16298
|d
16298
مواد مشابهة
Negociación o intervención: elementos para el análisis de la coyuntura internacional
La estrategia norteamericana de disuasión militar
El Papel de la organización de Estados americanos en el conflicto centroamericano
حسب: Maldonado Ruiz, Rodolfo
Memoria de labores realizadas por el Ministerio de Defensa y de Seguridad pública, durante el año administrativo comprendido entre el 1 de julio 1982 y el 30 de junio 1983
Costa Atlántica de Centroamérica y sus relaciones con el Caribe Insular /
حسب: Smith Wiltshire, David A